The cultural policy of Cuba / (Record no. 34814)
[ view plain ]
| 000 -LEADER | |
|---|---|
| fixed length control field | 00898nam a2200289 i 4500 |
| 001 - CONTROL NUMBER | |
| control field | 34814 |
| 003 - CONTROL NUMBER IDENTIFIER | |
| rucl marc code | BD-RjUL |
| 005 - DATE AND TIME OF LATEST TRANSACTION | |
| control field | 20211209052221.0 |
| 008 - FIXED-LENGTH DATA ELEMENTS--GENERAL INFORMATION | |
| fixed length control field | 140519s1979 fr af i000 0 eng d |
| 020 ## - INTERNATIONAL STANDARD BOOK NUMBER | |
| International Standard Book Number | 9231016172 |
| 035 ## - SYSTEM CONTROL NUMBER | |
| System control number | (BD-RjUL)34908 |
| 040 ## - CATALOGING SOURCE | |
| Original cataloging agency | DLC |
| Transcribing agency | DLC |
| Modifying agency | BD-RjUL |
| Language of cataloging | eng |
| 041 ## - LANGUAGE CODE | |
| Language code of text/sound track or separate title | eng |
| 082 00 - DEWEY DECIMAL CLASSIFICATION NUMBER | |
| Classification number | 306.72910085 |
| Author mark and year | SAC 1979 |
| 100 1# - MAIN ENTRY--PERSONAL NAME | |
| Personal name | Sarusky, Jaime. |
| 9 (RLIN) | 105955 |
| 245 14 - TITLE STATEMENT | |
| Title | The cultural policy of Cuba / |
| Statement of responsibility, etc. | Jaime Saruski and Gerardo Mosquera. |
| 260 ## - PUBLICATION, DISTRIBUTION, ETC. (IMPRINT) | |
| Place of publication, distribution, etc. | Paris : |
| Name of publisher, distributor, etc. | Unesco, |
| Date of publication, distribution, etc. | c1979. |
| 300 ## - PHYSICAL DESCRIPTION | |
| Pagination | 50 p., [2] leaves of plates : |
| Illustrations | ill. ; |
| Size | 24 cm. |
| 500 ## - GENERAL NOTE | |
| General note | "[B12] CC.78/XIX.55/A." |
| 650 #0 - SUBJECT ADDED ENTRY--TOPICAL TERM | |
| Topical term or geographic name as entry element | Arts |
| Geographic subdivision | Cuba |
| General subdivision | Management. |
| 9 (RLIN) | 105957 |
| Topical term or geographic name as entry element | Art and state |
| Geographic subdivision | Cuba. |
| 9 (RLIN) | 105958 |
| 700 1# - ADDED ENTRY--PERSONAL NAME | |
| Personal name | Mosquera, Gerardo, |
| Relator term | joint author. |
| 942 ## - ADDED ENTRY ELEMENTS (KOHA) | |
| Source of classification or shelving scheme | Dewey Decimal Classification |
| Koha item type | Books |
| Lost status | Source of classification or shelving scheme | Damaged status | Not for loan | Collection code | Permanent Location | Current Location | Shelving location | Date acquired | Source of acquisition | Cost, normal purchase price | Total Checkouts | Full call number | Date last seen | Copy number | Koha item type |
|---|---|---|---|---|---|---|---|---|---|---|---|---|---|---|---|
| Dewey Decimal Classification | Not For Loan | Non-fiction | Central Library, University of Rajshahi | Central Library, University of Rajshahi | Reading Room | 01/09/1982 | Gift | 0.00 | 306.72910085 SAC 1979 | 19/05/2014 | C-1 | Books |